El Mercado de tierras y la necesidad del rejuvenecimiento del campo en América Latina /

El propósito del artículo gira en torno a la preocupación sobre el envejecimiento de las personas que tiene a su cargo los predios agrícolas de la región, en tanto puede obstaculizar el desarrollo dinámico del sector silvoagropecuario y las áreas rurales en un mundo de mercados libres y intensa comp...

Full description

Saved in:
Bibliographic Details
Main Author: Dirven, Martine
Format: Text
Subjects:
Tags: Add Tag
No Tags, Be the first to tag this record!

MARC

LEADER 00000 a a2200000 04500
001 12600
003
040
100 |a Dirven, Martine  
245 |a El Mercado de tierras y la necesidad del rejuvenecimiento del campo en América Latina /  |c Martine Dirven 
520 |a El propósito del artículo gira en torno a la preocupación sobre el envejecimiento de las personas que tiene a su cargo los predios agrícolas de la región, en tanto puede obstaculizar el desarrollo dinámico del sector silvoagropecuario y las áreas rurales en un mundo de mercados libres y intensa competitividad  
650 |a ZONAS RURALES  
650 |a ENVEJECIMIENTO DE LA POBLACION  
650 |a JUVENTUD  
650 |a AGRICULTORES  
650 |a TENENCIA DE LA TIERRA  
650 |a HERENCIA  
650 |a MANO DE OBRA  
773 |g volumen 4, número 2; páginas 71-106  
999 |c 34689  |d 34689